| 000 | 00519nam a2200157 i 4500 | ||
|---|---|---|---|
| 001 | 72609 | ||
| 003 | ES-MaACL | ||
| 005 | 20230906171506.0 | ||
| 007 | t| | ||
| 008 | 040902s1912 sp ||||1| spa d | ||
| 100 | 1 |
_aGivanel Mas, J. ( _d1868-1946) _957380 |
|
| 245 | 1 | 0 |
_aExamen de ingenios / _cJoan Givanel i Mas. |
| 260 |
_aMadrid : _b[s.n.], _c1912. |
||
| 505 | 8 | _aContiene: I.: Apostillas, comentarios y glosas al comentario de "Don Quijote" editado por Don Francisco Rodriguez Marin | |
| 852 |
_aES-MaACL _jT-1318-F-4 |
||
| 999 |
_c72609 _d72609 |
||